Quizzes
Events
Quiz Creation
Community
Videos
Private Events
Remove Ads
Sign In
Join for FREE
Feedback
Dark Mode
Quiz Categories
Sports
Geography
Music
Movies
Television
Just For Fun
Miscellaneous
History
Literature
Language
Science
Gaming
Entertainment
Religion
Holiday
For Kids
Quiz Lab
Recent
Popular Today
Quiz Kudos Today
Editor Picks
Curator Picks
Quizzes by...
Day
Popularity
Type
Ratings
Length
Year
Community
Subscriptions
Recent Discussions
Orange Saloon
Badges
Playlists
Quests
Create
Leaderboards
Showdown
Live 5
Trivia Bingo
Activity
Puzzle Library
Sporcle Events
Private Events
Virtual Trivia
Globe League
Become a Host
Pub Owners
SporcleCon
Opinionation
Our Games
Videos
Blog
Mobile Apps
Partnerships
Remove Ads and Go Orange
Feedback
Sports
Athletes
MLB
NBA
NHL
NFL
Soccer
Sports Teams
WWE
NCAA
Football
Premier League
Basketball
Baseball
Hockey
Golf
Tennis
Cricket
Rugby
Auto Racing
Olympics
World Cup
Sports
Athletes
MLB
NBA
NHL
NFL
Soccer
Sports Teams
WWE
NCAA
Football
Premier League
Basketball
Baseball
Hockey
Golf
Tennis
Cricket
Rugby
Auto Racing
Olympics
World Cup
Random Quiz
Search Sporcle
×
Quiz Lab
Quiz Lab
Sports
Soccer
Type in answers that appear in a list
Type in answers that appear in a list
Classic
Best Score? Go Orange.
World Cup Trivia: D Stats
Can you answer these D themed World Cup trivia questions?
By
thefunhead
5m
20 Questions
302 Plays
302 Plays
302 Plays
Comments
Comments
Give Quiz Kudos
Give Quiz Kudos
-
- Ratings
hide this ad
More Info
Replay
Link that replays current quiz
Next Quiz
Link to next quiz in quiz playlist
You Got
0%
They Got
Avg Score
59%
Avg Friend Score
Upgrade to see
Score Distribution
Jump to the score distribution portion of the page
Score
0/20
Timer
05:00
0
Plays Today
Hint
Answer
% Correct
In 1998 Ebbe Sand scored the quickest goal by a substitute for which country
Denmark
91.6%
Scorer of Ivory Coast's first ever World Cup goal
Didier Drogba
88.6%
Captained the French to victory in 1998
Didier Deschamps
87.6%
Player who inexplicably escaped a red card depsite a kick to the chest of an opponent in the 2010 final
Nigel De Jong
81.9%
Denmark are technically the only country beginning with D to compete, but Zaire did in 1974 and are now known as this
The Democratic Republic of Congo
81.2%
_
_
_
_
_
Irwin, Republic of Ireland full-
back in 1994
Denis
76.8%
One of two portuguese players sent off in the infamous match against The Netherlands in 2006
Deco
76.2%
_
_
_
_
Baggio, the other Baggio in 1994 and 1998
Dino
73.2%
Dutch midfielder in 1998 World Cup nicknamed 'The Pitbull'
Edgar Davids
66.1%
This player went into the 1998 World Cup as the World's costliest player after a transfer to Real Betis
Denilson
64.4%
Hint
Answer
% Correct
City that hosted the semi-
final between Germany and Spain in 2010
Durban
63.4%
The Rheinstadion hosted games in which city in 1974
Dusseldorf
60.1%
Brazilian named tournament's best player in 1958
Didi
50%
In the 1962 match between England and Brazil, what did Garrincha manage to tackle
Dog
49%
Who refused to play for Scotland in 1986 because Alex Ferguson dropped his mate
Kenny Dalglish
37.9%
Nickname of Nanninga, scorer of Netherlands goal in the final against Argentina in 1978
Dick
37.6%
Romania's 2 goal hero against Argentina in the 2nd Round in 1994
Ilie Dumitrescu
35.9%
Soviet Union goalkeeper in 82,86 and 1990
Rinat Dasayev
30.2%
Second Argentine to be sent off in the 1990 final against West Germany
Gustavo Dezotti
20.1%
First man to score a goal in a World Cup Final
Pablo Dorado
13.1%
Quiz Playlist
Details
Report
Send in Message
Add To Playlist
More Info:
All names are surnames beginning with D unless first name is specified.
Classic:
Type in answers that appear in a list
Last Updated: Feb 16, 2017
Quiz Scoreboard
CHALLENGE
Sign Up to Join the Scoreboard
Show All
Scores
Hide
Comments
May contain spoilers
Recently Published
An Introduction to Baseball
by treessimontrees
Sports
5m
Movies - When Are They Set?
by FPL_Elf
Movies
5m
Popular People in 1961
by mucciniale
History
6m
More to Explore
Quiz From the Vault
Featured Blog Post
Where Did the Easter Bunny Come From?
hide this ad
You Might Also Like...
Tags
Soccer Quiz
World Cup Quiz
Past Trivia
Today's Top Quizzes in Sports
Browse Sports
hide this ad
Today's Top Quizzes in Soccer
Browse Soccer
Top Contributed Quizzes in Sports
1
Les meilleurs buteurs des matchs entre le PSG et l’OM
2
2022 World Cup Stars
3
FIFA Club World Cup Champions
4
Les entraîneurs de l'OM et du PSG au 21e siècle
5
Name the Premier League winners with different clubs
6
La finale Lions - Afrique du Sud 2021
7
England Test cricketers to play under Nasser Hussain
8
5-to-1: UK Sports Teams
9
Les joueurs passés par le LOSC et le RC Lens
10
Criteria MLB: Left Handed Sluggers
Explore More
Trending Topics
Kpop
Disney
Crossword
NBA
Anime
Harry Potter
Marvel
Puzzle
Country
Soccer
Pokémon
WWE
The Office
Song
NFL
hide this ad
More By:
thefunhead
Quiz
Plays
Rating
Category
Featured
Created
World Cup Trivia: A
696
4.20
Sports
Dec 3, 2014
World Cup Trivia:B
450
4.00
Sports
Dec 4, 2014
World Cup Trivia: E
379
4.25
Sports
Dec 5, 2014
World Cup Trivia: C
363
3.33
Sports
Dec 4, 2014
World Cup Trivia: H
330
4.83
Sports
Dec 7, 2014
Go to Creator's Profile
Score Distribution
Quiz Creator Spotlight
thefunhead
Follow
Send a Message
Quizzes Created
-
Created Quiz Play Count
-
More By This Creator
Popular Quizzes Today
1
Find the Countries of Europe - No Outlines Minefield
2
Find the US States - No Outlines Minefield
3
The Countries of the World
4
Popular People in 1961
5
Find the US States
6
US States
7
1-10 Letter E Words III
8
Risky Map Clicking: Biggest States A-Z
More Sports Quizzes
Patrick Ewing's Top Scoring teammates per season
Quiz Lab
Trending Quizzes
Risky Map Clicking: Least Populous States A-Z
1-10 Letter F Words
1-10 Letter G Words
One Thing in Common: United Kingdom
Risky Map Clicking: Next State Alphabetically
Recently Updated
Leaping Animals
pecheneg
Reality TV Shows (A-Z)
bhenderson79
Rickey Henderson's Hall of Fame Teammates
pecheneg
Champions League XIs: Arsenal
pecheneg
Quick Pick: Celebrities in WWE's Hall of Fame
aduchscher
A-Z Keypad Blitz II
pecheneg
Multiple Oscar Actors
pecheneg
Mystery Phrase Blitz: Oscar 'Best Actors'
pecheneg
F. Scott Fitzgerald Novels
LTH
Pick 3 Villains
ddd62291
Trending Topics
Disney
Harry Potter
NBA
Kpop
Crossword
Anime
Marvel
Pokémon
Puzzle
Soccer
Song
Country
WWE
The Office
NFL
Your Account Isn't Verified!
In order to create a playlist on Sporcle, you need to verify the email address you used during registration. Go to your
Sporcle Settings
to finish the process.
Report this User
Report this user for behavior that violates our
Community Guidelines
.
Details:
Send Report
Go to the Sporcle.com Mobile Site →
Comments